| 000 | 00373nam a2200133 a 4500 | ||
|---|---|---|---|
| 005 | 20140414093845.0 | ||
| 008 | 091020s19uu xx 00 eng d | ||
| 050 |
_aCD 031.02 _bTOP 2009 |
||
| 100 | _aAsh, Russell | ||
| 245 |
_aTop 10 of everything 2010 / _cRussell Ash. |
||
| 650 |
_aCuriosities and wonders _xWorld record _xMiscellanea. |
||
| 942 | _cAVM | ||
| 999 |
_c109536 _d109536 |
||